Evolution of China (PRC) Quiz - Statistics

General Stats
  • This quiz has been taken 9 times
  • The average score is 19 of 41
Answer Stats
Year State % Correct
1949-~ People's Republic of China
100%
221 BCE-206 BCE Qin Dynasty
100%
479-502 Southern Qİ Dynasty
100%
1948-1949 Chinese Civil War
89%
1368-1644 Ming Dynasty
89%
1860-1912 Qing Dynasty
89%
1644-1860 Qing Dynasty
89%
1946-1948 Republic of China
89%
1930-1935 Republic of China
89%
1916-1929 Republic of China
89%
1912-1915 Republic of China
89%
960-1279 Song Dynasty
89%
618-907 Tang Dynasty
89%
25-220 Han Dynasty
67%
1940-1946 Republic of China (2nd Sino-Japanese War / WW2)
67%
1934-1940 Republic of China (Japanese Occupid Manchuria)
67%
2070 BCE - 1600 BCE Xia Dynasty
67%
220-265 Cao Wei
56%
1600 BCE - 1046 BCE Shang Dynasty
56%
581-618 Sui Dynasty
56%
1915-1916 Empire of China
44%
266-402 Jin Dynasty
44%
1115-1234 Second Jin Dynasty
44%
1271-1368 Yuan Dynasty Rule
33%
1045 BCE-221 BCE Zhou Dynasty
33%
916-1125 Liao Dynasty
22%
1260-1271 Mongol Empire Rule
22%
9-23 Xin Dynasty
22%
557-589 Chen Dynasty
11%
502-557 Liang Dynasty
11%
3000 BCE - 1900 BCE Longshan Culture
11%
402-479 Lui Song
11%
220 BCE-9 Western Han
11%
206 BCE - 202 BCE 8 Kingdoms
0%
1842-1888 Amur Annexation
0%
222-280 Dong Wu
0%
951-960 Later Zhou Dynasty
0%
1354-1618 Phagmodrupa Dynasty
0%
221-263 Shu Han
0%
1851-1864 Taiping Heavenly Kingdom Rebellion
0%
690-705 Zhou Dynasty 2nd
0%
No matching quizzes found
Score Distribution
Percent of People with Each Score
Percentile by Number Answered
Your Score History
You have not taken this quiz